Find out! 1 : primary, 1st cycle

Gespeichert in:
Bibliographische Detailangaben
1. Verfasser: Shaw, Donna .
Weitere Verfasser: Ormerod, Mark
Format: Buch
Sprache:Englisch
Erschienen: Oxford : Macmillan, 2007
Katalog:MANES:  Suchergebnis im Bibliothekskatalog
Schulbuchspezifische Eigenschaften:
Tags: Tag hinzufügen
Keine Tags, Fügen Sie den ersten Tag hinzu!
Hinzugefügt zu:22.11.2011
Geändert in:07.05.2025

MARC

LEADER 00000cam a2200000 i 4500
005 20250507134611.0
008 111123s2007 gbra fp 000 0 eng d
020 |a 9781405069366 (Pupil's book) 
040 |a uned  |b spa  |c entro-manes 
100 1 |a Shaw, Donna . 
245 1 0 |a Find out! 1 :   |b primary, 1st cycle /   |c Donna Shaw ; with Mark Ormerod 
260 |a Oxford :   |b Macmillan,   |c 2007 
300 |a [1] v. :   |b il. 
505 1 |a Contiene:   |g V. 1.   |t Pupil's book 
546 |a España 
561 |5 es-BUNED  |3 L.T.M. 2936  |a España. Fondo Manes UNED  |k MANES 
690 0 |a LE 
691 0 |a PRI 
700 1 |a Ormerod, Mark  |9 41206 
942 |2 ddc  |c BK 
999 |c 98293  |d 98293 
999 |c manes:98293  |d 98293